| 000 | 00562nam a2200193 4500 | ||
|---|---|---|---|
| 003 | SEACOMEC | ||
| 005 | 20240319120111.0 | ||
| 008 | 240319b |||||||| |||| 00| 0 eng d | ||
| 020 |
_a978-93-92834-09-7 _cRs.395.00 |
||
| 040 | _aSEACOMEC | ||
| 041 | _aEnglish | ||
| 082 |
_a006.333 _bK95 |
||
| 100 | _a Kunthe, Chaitanya | ||
| 245 |
_aMonkey, Shakespeare, Typewriter, Cybersecurity for Everyone _c Chaitanya Kunthe |
||
| 260 |
_aUP _bON Book International _c2022 |
||
| 300 |
_a176p _c22CM |
||
| 650 |
_aComputer Science _vArtificial intelligence |
||
| 942 | _cBOOK | ||
| 999 |
_c828 _d828 |
||